000 00489cam a2200205ua 4500
001 8280
008 150127n ii |||gr||||Z||||||asm
020 _a9789382030065
040 _cMAIN
041 _aasm
082 _a327
100 _aGohain, Nabin,
_eAuthor.,
245 _aAntarjatik samparka
_cby Nabin Gohain
250 _a2nd.
260 _aJorhat:
_bUnika,
_c2013.
300 _a520p.
653 _aInternational relations
700 _aDas, Bikash Ch.,
_eAuthor.
942 _cBK
999 _c7395
_d7395